The burden of rhyme : (Record no. 1429120)
[ view plain ]
| 000 -LEADER | |
|---|---|
| fixed length control field | 00580cam a22001938i 4500 |
| 005 - DATE AND TIME OF LATEST TRANSACTION | |
| control field | 20250624122111.0 |
| 008 - FIXED-LENGTH DATA ELEMENTS--GENERAL INFORMATION | |
| fixed length control field | 231215s2024 ilu b 001 0 eng |
| 020 ## - INTERNATIONAL STANDARD BOOK NUMBER | |
| International Standard Book Number | 9780226834979 |
| 040 ## - CATALOGING SOURCE | |
| Transcribing agency | SDCL |
| 084 ## - COLON CLASSIFICATION NUMBER | |
| Classification number | O-,1M:g R4 |
| 100 1# - MAIN ENTRY--PERSONAL NAME | |
| Personal name | Levine, Naomi |
| 245 14 - TITLE STATEMENT | |
| Title | The burden of rhyme : |
| Remainder of title | Victorian poetry, formalism, and the feeling of literary history / |
| Statement of responsibility, etc. | Naomi Levine. |
| 246 30 - VARYING FORM OF TITLE | |
| Title proper/short title | Victorian poetry, formalism, and the feeling of literary history |
| 300 ## - PHYSICAL DESCRIPTION | |
| Extent | 255p. |
| 650 #0 - SUBJECT ADDED ENTRY--TOPICAL TERM | |
| Topical term or geographic name entry element | English poetry |
| 650 #0 - SUBJECT ADDED ENTRY--TOPICAL TERM | |
| Topical term or geographic name entry element | Poetics. |
| 650 #0 - SUBJECT ADDED ENTRY--TOPICAL TERM | |
| Topical term or geographic name entry element | Criticism |
| 942 ## - ADDED ENTRY ELEMENTS (KOHA) | |
| Source of classification or shelving scheme | Colon Classification (CC) |
| Koha item type | Textual |
| 999 ## - | |
| -- | 1429120 |
| -- | 1429120 |
| Withdrawn status | Lost status | Source of classification or shelving scheme | Damaged status | Not for loan | Home library | Current library | Date acquired | Source of acquisition | Inventory number | Total checkouts | Full call number | Barcode | Date last seen | Price effective from | Koha item type |
|---|---|---|---|---|---|---|---|---|---|---|---|---|---|---|---|
| Colon Classification (CC) | South Campus Library | South Campus Library | 2025-05-22 | Classic Book Service | 246, 06/02/2025 | O-,1M:g R4 | SC1691110 | 2025-05-22 | 2025-05-22 | Textual |
